LIBRARY ONLINE CATALOGUE

Oxford dictionary of quotations by subject / (Record no. 15237)

MARC details
000 -LEADER
fixed length control field 00650cam a22002172 4500
001 - CONTROL NUMBER
control field 0000020330
005 - DATE AND TIME OF LATEST TRANSACTION
control field 20151217161200.0
008 - FIXED-LENGTH DATA ELEMENTS--GENERAL INFORMATION
fixed length control field 110912s xx 000 0 eng d
020 ## - INTERNATIONAL STANDARD BOOK NUMBER
International Standard Book Number 0199567065
040 ## - CATALOGING SOURCE
Original cataloging agency KABU
Transcribing agency KABU
245 10 - TITLE STATEMENT
Title Oxford dictionary of quotations by subject /
Statement of responsibility, etc. edited by Susan Ratcliffe.
250 ## - EDITION STATEMENT
Edition statement 2nd ed.
260 ## - PUBLICATION, DISTRIBUTION, ETC. (IMPRINT)
Place of publication, distribution, etc. Oxford :
Name of publisher, distributor, etc. O. U. P.,
Date of publication, distribution, etc. 2010.
300 ## - PHYSICAL DESCRIPTION
Extent xi, 574 p.
650 #0 - SUBJECT ADDED ENTRY--TOPICAL TERM
Topical term or geographic name as entry element Quotations.
-- 0000054200
650 #0 - SUBJECT ADDED ENTRY--TOPICAL TERM
Topical term or geographic name as entry element Qoutations
General subdivision English.
-- 0000180502
700 1# - ADDED ENTRY--PERSONAL NAME
Personal name Ratcliffe, Susan.
-- 0000180554
852 1# - LOCATION
-- p1540 KES
908 ## - PUT COMMAND PARAMETER (RLIN)
Put command parameter 110912
950 ## - LOCAL HOLDINGS (RLIN)
-- 1
Holdings
Withdrawn status Lost status Source of classification or shelving scheme Not for loan Home library Current library Date acquired Total Checkouts Full call number Barcode Date last seen Price effective from Koha item type
    Library of Congress Classification Not For Loan Kabarak, Main Campus Kabarak, Main Campus 17/12/2015   PN6081 .O94 2010 c.1 21320 17/12/2015 17/12/2015 Reference